| 000 | 01081cam a22003133a 4500 | ||
|---|---|---|---|
| 001 | 205 | ||
| 003 | PGUSA | ||
| 005 | 20140828082945.0 | ||
| 008 | 950101s1995||||xxu|||||s|||||000 | eng d | ||
| 040 |
_aPGUSA _beng |
||
| 042 | _adc | ||
| 050 | 4 | _aPS | |
| 100 | 1 |
_aThoreau, Henry David, _d1817-1862 |
|
| 245 | 1 | 0 |
_aWalden, and On The Duty Of Civil Disobedience _h[electronic resource] / _cHenry David Thoreau |
| 260 |
_bProject Gutenberg, _c1995 |
||
| 506 | _aPublic domain in the USA. | ||
| 516 | _aElectronic text | ||
| 653 | _aGovernment, Resistance to | ||
| 653 | _aSolitude | ||
| 653 | _aCivil disobedience | ||
| 653 | _aWilderness areas -- Massachusetts -- Walden Woods | ||
| 653 | _aWalden Woods (Mass.) -- Social life and customs | ||
| 653 | _aNatural history -- Massachusetts -- Walden Woods | ||
| 653 | _aAuthors, American -- 19th century -- Biography | ||
| 653 | _aThoreau, Henry David, 1817-1862 -- Homes and haunts -- Massachusetts -- Walden Woods | ||
| 830 | 0 |
_aProject Gutenberg _v205 |
|
| 856 | 4 | 0 | _uhttp://www.gutenberg.org/ebooks/205 |
| 942 | _cEB | ||
| 999 |
_c229558 _d229558 |
||